| 000 | 00669nam a2200265Ia 4500 | ||
|---|---|---|---|
| 008 | 190123s9999 xx 000 0 und d | ||
| 020 | _a9780516420691 | ||
| 050 | _bM134 1985 | ||
| 100 | _aMcDaniel, Becky Bring | ||
| 245 | 0 | _aKatie couldn't / | |
| 245 | 0 | _cby Becky Bring McDaniel ; illustrated by Lois Axeman. | |
| 260 | _aNew York, New York : | ||
| 260 | _bScholastic, | ||
| 260 | _c1985 | ||
| 300 | _a30 pages : | ||
| 300 | _bcolored illustrations ; | ||
| 300 | _c18cm. | ||
| 440 | _aA rookie reader. | ||
| 500 | _a170L | ||
| 650 | _aBrothers and sisters. | ||
| 650 | _aSiblings. | ||
| 650 | _aSize. | ||
| 700 | _aSeries. | ||
| 700 | _aTitle. | ||
| 999 |
_c361068 _d361068 |
||